| 000 | 00853cab a2200253 4500 | ||
|---|---|---|---|
| 001 | ABS56422 | ||
| 008 | 090401t1997 xxu||||| |||| 00| 0 eng d | ||
| 035 | _a(Sirsi) u23485 | ||
| 041 | _aeng | ||
| 245 | _aAuctions | ||
| 260 | _c1997 | ||
| 350 | _a0 | ||
| 490 |
_aProperty Week _v58(4) 31 January 1997, 32-45(6) |
||
| 520 | _aFocuses on the image of property auctions. Investigates what can be done to change perceptions of the market, the rise in 1996 of residential auctions, auction financing methods, and the end of Nelson Bakewell`s auctioneering partnership with Hartnell Taylor Cook. | ||
| 650 | _aFINANCING | ||
| 650 | _aHARTNELL TAYLOR COOK | ||
| 650 | _aHOUSING MARKET | ||
| 650 | _aIMAGE | ||
| 650 | _aNELSON BAKEWELL | ||
| 650 |
_aAuctioneering _96218 |
||
| 690 |
_aAuctioneering _96218 |
||
| 942 | _n0 | ||
| 948 | _c04/03/1997 | ||
| 999 |
_c15695 _d15695 |
||